Fußballvereine der Dänischen Minderheit - Statistiken

Allgemein
  • Dieses Quiz wurde 7 mal gespielt
  • Das Durchschnittsergebnis liegt bei 4 aus 6
Antwortstatistiken
Hint Antwort % Korrekt
Herren Verbandsliga IF Stjernen Flensborg
100%
Herren Verbandsliga DGF Flensborg
80%
Herren Kreisklasse A IF Tønning
80%
Herren Verbandsliga Slesvig IF
80%
Herren Kreisklasse B Egernførde IF
40%
Herren Kreisliga Harreslev-Kobbermølle UF
20%
Keine übereinstimmenden Quizze gefunden
Verteilung der Resultate
Anzahl Personen mit jedem Resultat
Perzentil nach korrekt beantworteten Fragen
Ihre Resultats-Entwicklung
Sie haben dieses Quiz noch nicht gespielt